| 000 | 01551cam a22002895a 4500 | ||
|---|---|---|---|
| 001 | 14714777 | ||
| 005 | 20160203132616.0 | ||
| 008 | 070124t2008 maua frb 001 0 eng d | ||
| 020 | _a0763735396 (pbk.) | ||
| 020 | _a9780763735395 (pbk.) | ||
| 040 |
_aDNLM/DLC _cDLC _dEG-ScBUE _beng |
||
| 082 | 0 | 4 |
_a362.1 _222 _bINT |
| 245 | 0 | 0 |
_aIntroduction to public health in pharmacy / _cedited by Bruce Lubotsky Levin, Peter D. Hurd, Ardis Hanson. |
| 260 |
_aSudbury : _bJones and Bartlett Publishers, _cc.2008. |
||
| 300 |
_axvii, 356 p. : _bill. ; _c26 cm. |
||
| 500 | _aIndex : p. 351-356. | ||
| 504 | _aIncludes bibliographical references. | ||
| 505 | 0 | _aIntroduction and overview of pharmacy and public health -- Applied epidemiology for pharmacists: basic concepts and principles -- Disease prevention and health promotion -- Environmental and occupational health -- Behavioral health -- Public health services -- Evaluation in pharmacy practice: evaluation and outcome assessment -- Financing -- Managed care pharmacy and public health -- Pharmacoeconomics -- Evolving issues in pharmacy practice, law and ethics -- Cultural perspectives -- Public health informatics -- Health emergency preparedness and response -- Education and training. | |
| 650 | 7 |
_aPublic health. _2BUEsh _939251 |
|
| 650 | 7 |
_aPharmacists. _2BUEsh _930130 |
|
| 651 | _2BUEsh | ||
| 653 |
_bPPhrm _cJuly2015 _cFebruary2016 |
||
| 700 | 1 |
_aLevin, Bruce Lubotsky, _eeditor. |
|
| 700 | 1 |
_aHurd, Peter D., _eeditor. |
|
| 700 | 1 |
_aHanson, Ardis, _eeditor. |
|
| 942 |
_2ddc _k362.1 INT |
||
| 999 |
_c20195 _d20167 |
||